| 000 | 00566nam a2200205 a 4500 | ||
|---|---|---|---|
| 001 | 11581 | ||
| 003 | CO-ViMGA | ||
| 008 | 141112s2004 ck r 000 u spa d | ||
| 020 | _a8477021015 | ||
| 040 |
_aCO-ViMGA _bspa _cCO-ViMGA |
||
| 082 | 0 | 4 | _a823.8 D69h5 |
| 100 | 1 |
_aConandoyle, Arthur _916120 |
|
| 245 | 1 | 0 | _aHistoria del crepúsculo y de lo desconocido |
| 260 |
_aMadrid, _cValdemar, _c1994 |
||
| 300 | _a190 p. | ||
| 650 | 1 | 4 |
_aCUENTOS DE FANTASMAS _916121 |
| 650 | 1 | 4 |
_aCUENTOS INGLESES _916122 |
| 650 | 1 | 4 |
_aESPIRITISMO - CUENTOS _916123 |
| 942 |
_2ddc _cBK |
||
| 999 |
_c22770 _d22770 |
||